000
00317nam a22001217a 4500
008
180604b xxu||||| |||| 00| 0 eng d
041
_a
eng
080
_a
043.3
100
_a
0
101
_a
MBE-BA
245
_a
Importance of merchandising in affecting retail sales, case of medo-flor
_c
Gjikokaj, I
942
_2
udc
_c
BK
999
_c
46259
_d
46259